[Event "Pere Noel"]
[Site "Montreal CAN"]
[Date "2014.12.30"]
[Round "5"]
[White "Goldner, John"]
[Black "Struben, Jeroen"]
[Result "0-1"]
[WhiteElo "1782"]
[BlackElo "1719"]
[PlyCount "110"]
[EventDate "2014.12.26"]
[EventType "swiss"]
[EventRounds "5"]
[EventCountry "CAN"]

1. e4 d6 2. Bc4 Nf6 3. Nc3 g6 4. d4 c6 5. Bb3 Bg7 6. f3 b5 7. Be3 a5 8. a3 O-O
9. Nce2 Nbd7 10. Qd2 Nb6 11. Bh6 Qc7 12. Bxg7 Kxg7 13. Rc1 Ba6 14. Qxa5 c5 15.
Qd2 c4 16. Ba2 Na4 17. c3 e5 18. Nh3 Bb7 19. Nf2 Nh5 20. g4 Nf4 21. Nxf4 exf4
22. Nh3 Qe7 23. g5 f5 24. gxf6+ Qxf6 25. Rc2 Rae8 26. Qf2 Rxe4+ 27. fxe4 Bxe4
28. O-O Qf5 29. Qh4 Bxc2 30. Rxf4 Qe6 31. Qxh7+ Kxh7 32. Ng5+ Kh6 33. Nxe6 Rxf4
34. Nxf4 Nxb2 35. Kf2 Be4 36. Ke3 d5 37. Ne6 Kh5 38. Nc7 g5 39. Nxb5 Kh4 40.
Nd6 Bd3 41. Kf3 Na4 42. Nb5 Kh3 43. Nc7 Be4+ 44. Kf2 Kxh2 45. Bxc4 dxc4 46. d5
g4 47. d6 Bc6 48. Ne6 g3+ 49. Ke2 Nxc3+ 50. Kd2 g2 51. d7 Ne4+ 52. Kc2 Bxd7 53.
Nd4 Bg4 54. a4 g1=Q 55. Nb5 Qd1+ 0-1

[Event "Pere Noel"]
[Site "Montreal CAN"]
[Date "2014.12.30"]
[Round "5"]
[White "Heredia, Jose"]
[Black "Destree, Frederic"]
[Result "0-1"]
[WhiteElo "1943"]
[BlackElo "1879"]
[PlyCount "54"]
[EventDate "2014.12.26"]
[EventType "swiss"]
[EventRounds "5"]
[EventCountry "CAN"]

1. e4 c5 2. Nf3 g6 3. d4 cxd4 4. Nxd4 Nc6 5. c4 Nf6 6. Nc3 d6 7. Be2 Nxd4 8.
Qxd4 Bg7 9. Be3 O-O 10. Qd2 a5 11. Rc1 a4 12. f3 Qa5 13. Kf2 Be6 14. Nd5 Bxd5
15. Qxa5 Rxa5 16. cxd5 e6 17. dxe6 fxe6 18. Rhd1 Ng4+ 19. Kg1 Nxe3 20. Rxd6
Bxb2 21. Rb1 a3 22. Rxe6 Rc5 23. Rb6 Rc2 24. Bd1 Rxg2+ 25. Kh1 Rd8 26. Bb3+ Kh8
27. Re1 Rdd2 0-1

[Event "Pere Noel"]
[Site "Montreal CAN"]
[Date "2014.12.30"]
[Round "5"]
[White "Luo, Zhao Yang"]
[Black "Li, Yi Lin"]
[Result "1/2-1/2"]
[WhiteElo "2096"]
[BlackElo "1830"]
[PlyCount "60"]
[EventDate "2014.12.26"]
[EventType "swiss"]
[EventRounds "5"]
[EventCountry "CAN"]

1. d4 Nf6 2. Nf3 g6 3. Bg5 Bg7 4. Nbd2 d5 5. e3 c5 6. Be2 Nc6 7. c3 c4 8. O-O
Bg4 9. b3 Qa5 10. bxc4 Ne4 11. Nb3 Qd8 12. Bf4 Nxc3 13. Qc2 Nxe2+ 14. Qxe2 dxc4
15. Qxc4 Bxf3 16. gxf3 O-O 17. Nc5 e5 18. dxe5 Nxe5 19. Bxe5 Bxe5 20. Rac1 b6
21. Ne6 fxe6 22. Qxe6+ Rf7 23. Qxe5 Rxf3 24. Rc7 Rf7 25. Rfc1 Rxc7 26. Rxc7
Qd1+ 27. Kg2 Qg4+ 28. Kf1 Qd1+ 29. Kg2 Qg4+ 30. Kf1 Qd1+ 1/2-1/2

[Event "Pere Noel"]
[Site "Montreal CAN"]
[Date "2014.12.30"]
[Round "5"]
[White "Masse, Hugues"]
[Black "Sambuev, Bator"]
[Result "0-1"]
[WhiteElo "2315"]
[BlackElo "2572"]
[PlyCount "34"]
[EventDate "2014.12.26"]
[EventType "swiss"]
[EventRounds "5"]
[EventCountry "CAN"]

1. d4 d5 2. c4 e6 3. Nf3 c6 4. e3 Nf6 5. b3 Nbd7 6. Bb2 Ne4 7. Bd3 Bb4+ 8. Nbd2
f5 9. a3 Ba5 10. O-O O-O 11. b4 Bc7 12. Nb3 Rf6 13. Nc1 Rh6 14. Ne2 Bxh2+ 15.
Kh1 Bg3+ 16. Kg1 Bxf2+ 17. Rxf2 Rh1+ 0-1

[Event "Pere Noel"]
[Site "Montreal CAN"]
[Date "2014.12.30"]
[Round "5"]
[White "Ouellet, Maili-Jade"]
[Black "Clyde, Jordan"]
[Result "0-1"]
[WhiteElo "1945"]
[BlackElo "2130"]
[PlyCount "61"]
[EventDate "2014.12.26"]
[EventType "swiss"]
[EventRounds "5"]
[EventCountry "CAN"]

1. d4 d6 2. c4 e5 3. d5 f5 4. Nc3 Nf6 5. g3 Be7 6. Bg2 O-O 7. e4 fxe4 8. Nxe4
Nxe4 9. Bxe4 Nd7 10. Ne2 Nf6 11. Bg2 Qe8 12. h3 Qg6 13. Be3 Bf5 14. Nc3 Ne4 15.
Nxe4 Bxe4 16. O-O Bxg2 17. Kxg2 Qe4+ 18. Kh2 Rf3 19. Qd2 Raf8 20. Rad1 Bh4 21.
Rg1 Bg5 22. Rg2 Bxe3 23. fxe3 Rxe3 24. b3 Rff3 25. Rdg1 h5 26. Qc2 Rxg3 27. Rf1
Rxg2+ 28. Qxg2 Re2 29. Rf2 Qxg2+ 30. Kxg2 Rxf2+ 31. Kxf2 0-1

[Event "Pere Noel"]
[Site "Montreal CAN"]
[Date "2014.12.30"]
[Round "5"]
[White "Sprumont, Oscar"]
[Black "Voskanyan, Vahagn"]
[Result "1/2-1/2"]
[WhiteElo "2084"]
[BlackElo "2245"]
[PlyCount "113"]
[EventDate "2014.12.26"]
[EventType "swiss"]
[EventRounds "5"]
[EventCountry "CAN"]

1. Nf3 d5 2. c4 c6 3. cxd5 cxd5 4. d4 Nc6 5. Nc3 Nf6 6. Bf4 Qb6 7. Na4 Qa5+ 8.
Bd2 Qd8 9. Rc1 e6 10. e3 Ne4 11. Bb5 Bd7 12. O-O Be7 13. a3 a6 14. Bxc6 Bxc6
15. Bb4 Bxb4 16. axb4 O-O 17. Nc5 Qb6 18. Qb3 Bb5 19. Rfe1 Nf6 20. Ne5 Qa7 21.
Rc2 b6 22. Na4 Rac8 23. Nc3 Rc7 24. Nxb5 axb5 25. Rec1 Rfc8 26. f3 Kf8 27. Rxc7
Rxc7 28. Rxc7 Qxc7 29. Qc3 Qb7 30. Kf2 Ne8 31. Qc2 f6 32. Nd3 Qc7 33. Qxc7 Nxc7
34. Nf4 Ke7 35. e4 dxe4 36. fxe4 Kd6 37. Ke3 e5 38. Ne2 Na6 39. dxe5+ Kxe5 40.
Nd4 Nxb4 41. Nxb5 Nc2+ 42. Kd2 Nd4 43. Nc3 h5 44. Kd3 g5 45. Ke3 Nc2+ 46. Kd2
Nd4 47. Ke3 g4 48. Kf2 Ne6 49. Nd5 b5 50. Nc3 Nd4 51. Ke3 b4 52. Na2 Nc2+ 53.
Kd2 b3 54. Nc1 Nd4 55. Ke3 Nc2+ 56. Kd2 Nd4 57. Ke3 1/2-1/2

[Event "Pere Noel"]
[Site "Montreal CAN"]
[Date "2014.12.30"]
[Round "5"]
[White "Villeneuve, Benoit"]
[Black "Chang, Michael"]
[Result "0-1"]
[WhiteElo "1726"]
[BlackElo "1933"]
[PlyCount "66"]
[EventDate "2014.12.26"]
[EventType "swiss"]
[EventRounds "5"]
[EventCountry "CAN"]

1. e4 c6 2. d4 d5 3. Nc3 dxe4 4. Nxe4 Bf5 5. Ng3 Bg6 6. Nf3 Nd7 7. Be2 Ngf6 8.
O-O e6 9. b3 Be7 10. Bb2 O-O 11. Re1 Nd5 12. a3 Bd6 13. c4 N5f6 14. Bd3 Bxg3
15. hxg3 Bxd3 16. Qxd3 Nc5 17. Qc2 Nce4 18. Rxe4 Nxe4 19. Qxe4 h6 20. Rd1 Qc7
21. Ne5 f6 22. Ng6 Rfe8 23. Nf4 Qf7 24. Re1 Rad8 25. Qf3 e5 26. dxe5 fxe5 27.
Rxe5 Rxe5 28. Bxe5 Qf5 29. Qc3 g5 30. Nh3 g4 31. f4 gxh3 32. gxh3 Rd3 33. g4
Qe4 0-1

[Event "Pere Noel"]
[Site "Montreal CAN"]
[Date "2014.12.30"]
[Round "5"]
[White "Yao, Sammy"]
[Black "Weston, Paul"]
[Result "1-0"]
[WhiteElo "1882"]
[BlackElo "1909"]
[PlyCount "77"]
[EventDate "2014.12.26"]
[EventType "swiss"]
[EventRounds "5"]
[EventCountry "CAN"]

1. e4 e6 2. d4 d5 3. Nc3 Nf6 4. e5 Nfd7 5. Nce2 c5 6. c3 Nc6 7. Nf3 Qb6 8. a3
cxd4 9. cxd4 f6 10. exf6 Nxf6 11. g3 Bd6 12. Bg2 O-O 13. O-O Bd7 14. Rb1 Na5
15. Bf4 Bxf4 16. Nxf4 Nb3 17. Re1 Rfe8 18. Re3 Na5 19. Ne5 Rac8 20. Nh5 Qd6 21.
Nxf6+ gxf6 22. Qg4+ Kf8 23. Rf3 f5 24. Qh5 Re7 25. g4 Kg8 26. gxf5 Be8 27. Rg3+
Rg7 28. Rxg7+ Kxg7 29. Qg4+ Kf8 30. fxe6 Qe7 31. Nd7+ Bxd7 32. exd7 Rc6 33.
Qf5+ Rf6 34. Qxd5 Nc6 35. Kf1 Qe3 36. d8=Q+ Nxd8 37. Qxd8+ Kg7 38. Qxf6+ Kxf6
39. fxe3 1-0

[Event "Quebec-ch Amateur"]
[Site "Montreal CAN"]
[Date "2014.10.10"]
[Round "1"]
[White "Abreu Cordero, Jose"]
[Black "Bolduc, Steve"]
[Result "1/2-1/2"]
[WhiteElo "2009"]
[BlackElo "2292"]
[PlyCount "94"]
[EventDate "2014.10.10"]
[EventType "swiss"]
[EventRounds "7"]
[EventCountry "CAN"]

1. e4 e5 2. Nf3 Nf6 3. Nc3 Nc6 4. Bb5 Nd4 5. Ba4 Bc5 6. d3 Qe7 7. O-O c6 8.
Nxd4 exd4 9. Ne2 O-O 10. Bg5 h6 11. Bh4 Qd6 12. Bb3 Ng4 13. Bg3 Qf6 14. h3 Ne5
15. Bxe5 Qxe5 16. f4 Qh5 17. Ng3 Qxd1 18. Raxd1 d6 19. f5 Bd7 20. Nh5 Kh8 21.
Nf4 Rae8 22. g4 d5 23. exd5 Re3 24. Rd2 Bd6 25. Kg2 Rfe8 26. Rdf2 b5 27. Rf3 a5
28. dxc6 Bxc6 29. Bd5 Bxd5 30. Nxd5 R3e5 31. c4 dxc3 32. Nxc3 Bc5 33. Ne4 Bd4
34. Rc1 Bxb2 35. Rc7 R5e7 36. Rc5 Re5 37. Rc2 Bd4 38. Rf1 Rd5 39. Kf3 b4 40.
Rd1 Rb8 41. Rb1 Rd7 42. Rc4 Rbd8 43. Ke2 Kh7 44. Rd1 Rb8 45. Rb1 Rbd8 46. Rd1
Rb8 47. Rb1 Rbd8 1/2-1/2

[Event "Quebec-ch Amateur"]
[Site "Montreal CAN"]
[Date "2014.10.10"]
[Round "1"]
[White "Hirschberg, Valerian"]
[Black "Jacquet, Stephane"]
[Result "1-0"]
[WhiteElo "2319"]
[BlackElo "2030"]
[PlyCount "61"]
[EventDate "2014.10.10"]
[EventType "swiss"]
[EventRounds "7"]
[EventCountry "CAN"]

1. Nf3 Nf6 2. c4 e6 3. g3 d5 4. Bg2 Be7 5. O-O O-O 6. d4 Nbd7 7. Nc3 c6 8. Qb3
Qb6 9. Qa4 a5 10. c5 Qb4 11. Qc2 b6 12. Bd2 Qc4 13. cxb6 c5 14. b3 Qa6 15. Na4
Ne4 16. Be3 cxd4 17. Nxd4 Bb7 18. Bxe4 dxe4 19. Qc7 Rfd8 20. Nc6 Bxc6 21. Qxc6
Nf6 22. Qc4 Qb7 23. Rfd1 Rdc8 24. Qd4 Ba3 25. Bg5 Rc2 26. Bxf6 gxf6 27. Qxf6
Rxe2 28. Qg5+ Kh8 29. Rd8+ Rxd8 30. Qxd8+ Kg7 31. Qd1 1-0

[Event "Quebec-ch Amateur"]
[Site "Montreal CAN"]
[Date "2014.10.10"]
[Round "1"]
[White "Libersan, Thierry"]
[Black "Bouchard, Jean-Marc"]
[Result "1-0"]
[WhiteElo "2215"]
[BlackElo "1957"]
[PlyCount "129"]
[EventDate "2014.10.10"]
[EventType "swiss"]
[EventRounds "7"]
[EventCountry "CAN"]

1. e4 e6 2. d4 d5 3. Nc3 Nf6 4. e5 Nfd7 5. f4 c5 6. Nf3 Nc6 7. Be3 cxd4 8. Nxd4
Bb4 9. a3 Bc5 10. Qd2 Bxd4 11. Bxd4 Nxd4 12. Qxd4 Qb6 13. Qxb6 Nxb6 14. Nb5 O-O
15. Bd3 Bd7 16. Nd4 Rac8 17. b3 f6 18. O-O f5 19. h3 Kf7 20. g4 g6 21. Kf2 a6
22. Ke3 Ke7 23. Rf2 Bc6 24. Rg1 Nd7 25. gxf5 exf5 26. h4 Nc5 27. h5 Be8 28.
Rfg2 Bf7 29. hxg6 hxg6 30. Rh2 Rh8 31. Rgh1 Rxh2 32. Rxh2 Ne6 33. Nxe6 Kxe6 34.
c4 b5 35. Kd4 dxc4 36. bxc4 Rd8+ 37. Kc3 Rc8 38. Kb4 Rd8 39. Kc3 Rc8 40. Kd4
Rd8+ 41. Ke3 Be8 42. Rh8 Ra8 43. Kd4 Rd8+ 44. Ke3 Ra8 45. Rf8 Ke7 46. Rf6 bxc4
47. Bxc4 a5 48. Re6+ Kd8 49. Kd4 Ra7 50. Rd6+ Ke7 51. Bd5 Rc7 52. Ra6 a4 53.
Re6+ Kd8 54. Ra6 Rc1 55. Ra8+ Ke7 56. Ra7+ Kd8 57. e6 Rc7 58. Rxc7 Kxc7 59. Ke5
Bb5 60. Ba2 Be8 61. Bc4 Bc6 62. Kf6 Be8 63. Ke7 Bc6 64. Kf7 Kd6 65. Kxg6 1-0

[Event "Quebec-ch Amateur"]
[Site "Montreal CAN"]
[Date "2014.10.10"]
[Round "1"]
[White "Prahov, Valentin"]
[Black "Nikulich, Oleksandr"]
[Result "1/2-1/2"]
[WhiteElo "2269"]
[BlackElo "2006"]
[PlyCount "75"]
[EventDate "2014.10.10"]
[EventType "swiss"]
[EventRounds "7"]
[EventCountry "CAN"]

1. e4 e5 2. Nf3 Nc6 3. Bc4 Bc5 4. c3 Nf6 5. d4 exd4 6. cxd4 Bb4+ 7. Bd2 Bxd2+
8. Nbxd2 d5 9. exd5 Nxd5 10. Qb3 Na5 11. Qa4+ Nc6 12. Qb3 Na5 13. Qa4+ Nc6 14.
Qa3 Qe7+ 15. Qxe7+ Ncxe7 16. O-O h6 17. Rfe1 Be6 18. Ne4 Nf4 19. Bxe6 Nxe6 20.
Nc5 Nxc5 21. dxc5 Rd8 22. Re2 f6 23. Rae1 Rd7 24. Nh4 Rf8 25. Ng6 Rf7 26. Kf1
Kd8 27. b4 c6 28. Nf4 Kc8 29. a3 Nd5 30. Re8+ Rd8 31. Rxd8+ Kxd8 32. Nxd5 cxd5
33. Rd1 Rd7 34. Ke2 Kc7 35. Kd3 Re7 36. Rd2 Kc6 37. f3 Re1 38. Kd4 1/2-1/2

[Event "Quebec-ch Amateur"]
[Site "Montreal CAN"]
[Date "2014.10.10"]
[Round "1"]
[White "Trahan, Daniel"]
[Black "Yu, Zong Yang"]
[Result "0-1"]
[WhiteElo "2057"]
[BlackElo "2321"]
[PlyCount "108"]
[EventDate "2014.10.10"]
[EventType "swiss"]
[EventRounds "7"]
[EventCountry "CAN"]

1. d4 Nf6 2. c4 e6 3. Nc3 Bb4 4. Qc2 O-O 5. a3 Bxc3+ 6. Qxc3 d5 7. Bg5 c5 8.
dxc5 d4 9. Qg3 Nbd7 10. Qd6 e5 11. Nf3 Re8 12. Bxf6 gxf6 13. g3 a5 14. Bh3 Ra6
15. Qd5 Qc7 16. Nd2 Nxc5 17. Bxc8 Rxc8 18. O-O a4 19. f4 Rd6 20. Qf3 Re8 21.
Ne4 Nxe4 22. Qxe4 Qc6 23. Qc2 e4 24. Rad1 Qc5 25. Kh1 b5 26. e3 d3 27. Qc3 Qxc4
28. Qxc4 bxc4 29. Rd2 Rb8 30. Kg2 Rdb6 31. Rff2 f5 32. Kf1 c3 33. bxc3 Rb1+ 34.
Kg2 Rc1 35. g4 fxg4 36. f5 Rxc3 37. Kg3 Rxa3 38. f6 Rab3 39. Rf4 R8b4 40. Rxg4+
Kf8 41. Rg5 a3 42. Ra5 Ke8 43. Ra2 Kd7 44. Kf4 Ke6 45. Ra6+ Kd5 46. Ra7 Ke6 47.
Re7+ Kxf6 48. Rxe4 Rb6 49. Rd4 Ra6 50. Ke4 Rb2 51. Ra1 a2 52. Kxd3 Rb1 53. Rf4+
Ke7 54. Re4+ Kf8 0-1

[Event "Quebec-ch Amateur"]
[Site "Montreal CAN"]
[Date "2014.10.10"]
[Round "1"]
[White "Turcotte, Jonathan"]
[Black "Sambuev, Bator"]
[Result "0-1"]
[WhiteElo "2127"]
[BlackElo "2569"]
[PlyCount "58"]
[EventDate "2014.10.10"]
[EventType "swiss"]
[EventRounds "7"]
[EventCountry "CAN"]

1. d4 Nf6 2. Nf3 d6 3. c4 g6 4. Nc3 Bg7 5. e4 O-O 6. Be2 e5 7. O-O Nc6 8. d5
Ne7 9. b4 a5 10. Ba3 axb4 11. Bxb4 b6 12. a4 Ne8 13. Nb5 f5 14. Nd2 Bh6 15. a5
bxa5 16. Rxa5 Rxa5 17. Bxa5 Ba6 18. Qc2 Bxb5 19. cxb5 Qa8 20. Nb3 Qa7 21. Ra1
fxe4 22. b6 Qb7 23. bxc7 Nf6 24. Qc4 Nfxd5 25. Qb5 Qxb5 26. Bxb5 e3 27. f3 Ra8
28. Rd1 Rxa5 29. Rxd5 Ra7 0-1

[Event "Quebec-ch Amateur"]
[Site "Montreal CAN"]
[Date "2014.10.10"]
[Round "1"]
[White "Zhu, Hong Rui"]
[Black "Gauthier, Denis"]
[Result "0-1"]
[WhiteElo "2193"]
[BlackElo "1881"]
[PlyCount "78"]
[EventDate "2014.10.10"]
[EventType "swiss"]
[EventRounds "7"]
[EventCountry "CAN"]

1. d4 Nf6 2. c4 g6 3. Nc3 d5 4. Bf4 Bg7 5. e3 O-O 6. Nf3 Bg4 7. h3 Bxf3 8. Qxf3
c6 9. Bd3 dxc4 10. Bxc4 Nbd7 11. Rd1 Qb6 12. Qe2 Nh5 13. Bh2 e5 14. dxe5 Nxe5
15. Bb3 Rae8 16. O-O Re7 17. Rd6 Nf6 18. Rfd1 Ned7 19. Qf3 Qa5 20. Bg3 Ne5 21.
Qe2 Ne8 22. Bh4 Rc7 23. R6d2 g5 24. Bxg5 Nf3+ 25. Qxf3 Qxg5 26. Ne4 Qg6 27. Ng3
Kh8 28. Nf5 Be5 29. e4 Nf6 30. Rd8 Rg8 31. Rxg8+ Nxg8 32. Qe3 b6 33. Rd8 Bf6
34. Rd6 Ne7 35. Qf4 Nxf5 36. exf5 Qg5 37. Qe4 Re7 38. Rd8+ Kg7 39. Qg4 Qxg4 0-1

[Event "Quebec-ch Amateur"]
[Site "Montreal CAN"]
[Date "2014.10.11"]
[Round "2"]
[White "Bolduc, Steve"]
[Black "Robichaud, Louis"]
[Result "1-0"]
[WhiteElo "2292"]
[BlackElo "1982"]
[PlyCount "111"]
[EventDate "2014.10.10"]
[EventType "swiss"]
[EventRounds "7"]
[EventCountry "CAN"]

1. d4 Nf6 2. Bf4 g6 3. Nd2 Bg7 4. Ngf3 O-O 5. e4 d6 6. h3 Nbd7 7. Bd3 c5 8. c3
cxd4 9. cxd4 e5 10. Bh2 Qe7 11. O-O Ne8 12. Re1 Nb8 13. Rc1 Nc6 14. Bb1 Bd7 15.
d5 Nd8 16. Qb3 Kh8 17. Nc4 f5 18. exf5 Bxf5 19. Qa3 Bxb1 20. Rxb1 Qf6 21. Nb6
axb6 22. Qxa8 Nc7 23. Qa3 Nf7 24. Qb3 Nh6 25. Rbd1 Nf5 26. Qxb6 Na6 27. b4 Qf7
28. Ng5 Qc7 29. Qxc7 Nxc7 30. Ne4 Ra8 31. Rd2 Nb5 32. Rc2 Nfd4 33. Rc4 h6 34.
Nc3 Nxc3 35. Rxc3 Rxa2 36. Rc8+ Kh7 37. Rc7 b5 38. Rd7 Nc2 39. Rb1 Na3 40. Rd1
Nc4 41. Rb7 e4 42. Bf4 g5 43. Be3 Kg6 44. Rxb5 Nxe3 45. fxe3 Re2 46. Rb8 Rxe3
47. b5 Rb3 48. b6 e3 49. Kf1 Rb2 50. Rd3 e2+ 51. Ke1 Kf5 52. b7 Ke4 53. Rd2 Bc3
54. Re8+ Kf4 55. b8=Q Bxd2+ 56. Kxe2 1-0

[Event "Quebec-ch Amateur"]
[Site "Montreal CAN"]
[Date "2014.10.11"]
[Round "2"]
[White "Bouchard, Jean-Marc"]
[Black "Trahan, Daniel"]
[Result "1-0"]
[WhiteElo "1957"]
[BlackElo "2057"]
[PlyCount "131"]
[EventDate "2014.10.10"]
[EventType "swiss"]
[EventRounds "7"]
[EventCountry "CAN"]

1. Nf3 c5 2. g3 g6 3. Bg2 Bg7 4. c4 Nc6 5. Nc3 Nf6 6. d3 O-O 7. Bd2 d6 8. Qc1
Re8 9. Bg5 Bd7 10. h4 h5 11. Nd2 Rb8 12. Nde4 Nxe4 13. Bxe4 a6 14. Bh6 b5 15.
Bxg7 Kxg7 16. O-O e6 17. Bg2 f5 18. e3 Qf6 19. b3 Ne5 20. Qc2 Nc6 21. Rad1 Ne7
22. cxb5 axb5 23. d4 c4 24. bxc4 bxc4 25. d5 e5 26. Rb1 e4 27. Rxb8 Rxb8 28.
Rd1 Qe5 29. Bf1 Rb4 30. Rd4 Bb5 31. Nxb5 Rxb5 32. Bxc4 Rc5 33. Qd2 Nc8 34. Qb4
Qe7 35. a4 Qc7 36. Bf1 Nb6 37. Qb3 Rc3 38. Qb2 Kh7 39. Rb4 Rc2 40. Qd4 Nd7 41.
Rc4 Rxc4 42. Qxc4 Qxc4 43. Bxc4 Nb6 44. Bb3 Kg7 45. a5 Nc8 46. f3 exf3 47. Kf2
Kf6 48. Kxf3 Ke5 49. a6 Na7 50. Ba4 Nc8 51. Bc6 Na7 52. Be8 Kf6 53. Kf4 Nc8 54.
Bd7 Na7 55. e4 fxe4 56. Kxe4 Ke7 57. Bc6 Kf6 58. Kf4 Nc8 59. Bd7 Na7 60. Ke4
Ke7 61. Bh3 Kf6 62. Kd4 g5 63. Ke4 g4 64. Bf1 Nc8 65. Bb5 Na7 66. Be8 1-0

[Event "Quebec-ch Amateur"]
[Site "Montreal CAN"]
[Date "2014.10.11"]
[Round "2"]
[White "Gueorguiev, Valentin"]
[Black "Zhou, Qiyu"]
[Result "0-1"]
[WhiteElo "1922"]
[BlackElo "2111"]
[PlyCount "76"]
[EventDate "2014.10.10"]
[EventType "swiss"]
[EventRounds "7"]
[EventCountry "CAN"]

1. c4 e5 2. g3 Nf6 3. Bg2 Nc6 4. Nc3 Bc5 5. e3 a6 6. Nge2 Ba7 7. O-O O-O 8. d4
d6 9. h3 Rb8 10. b3 Re8 11. dxe5 dxe5 12. Bb2 Bf5 13. Nd5 Qc8 14. Kh2 Rd8 15.
Nec3 Nxd5 16. Nxd5 Rd6 17. g4 Be6 18. Qe2 Rd7 19. Rad1 f5 20. gxf5 Bxf5 21. Bf3
Rf7 22. Bg4 Bc5 23. Rg1 Bd6 24. Rg2 Qe6 25. Kg1 Rbf8 26. a3 a5 27. Rd2 Qh6 28.
Nc3 Rf6 29. Nb5 Be4 30. f3 Bxf3 31. Bxf3 Rxf3 32. Nxd6 cxd6 33. Rh2 Rxe3 34.
Qd1 Rg3+ 35. Rdg2 Qe3+ 36. Kh1 Rxg2 37. Qd5+ Kh8 38. Qxg2 Qe1+ 0-1

[Event "Quebec-ch Amateur"]
[Site "Montreal CAN"]
[Date "2014.10.11"]
[Round "2"]
[White "Jacquet, Stephane"]
[Black "Gauthier, Denis"]
[Result "1-0"]
[WhiteElo "2030"]
[BlackElo "1881"]
[PlyCount "79"]
[EventDate "2014.10.10"]
[EventType "swiss"]
[EventRounds "7"]
[EventCountry "CAN"]

1. d4 Nf6 2. Nc3 d5 3. Bg5 Nbd7 4. f3 c6 5. e4 dxe4 6. fxe4 Qa5 7. Qd2 h6 8.
Bf4 e5 9. dxe5 Nxe5 10. O-O-O Be7 11. Nf3 Nxf3 12. gxf3 Be6 13. Kb1 Rd8 14. Nd5
Qxd2 15. Nc7+ Kf8 16. Nxe6+ fxe6 17. Rxd2 Kf7 18. Bc4 Rxd2 19. Bxd2 Bd6 20. Be3
b6 21. h4 Nh5 22. Rd1 Ke7 23. a4 Rf8 24. Bd4 e5 25. Bc3 Nf4 26. Rg1 Kf6 27. b4
b5 28. Rd1 Ke7 29. axb5 cxb5 30. Bf1 Rc8 31. Kb2 a6 32. Bd2 Ne6 33. Bh3 Rc6 34.
c3 Kf6 35. Rg1 Rc7 36. Bxe6 Kxe6 37. Rg6+ Ke7 38. Rxg7+ Kf6 39. Rxc7 Bxc7 40.
Bxh6 1-0

[Event "Quebec-ch Amateur"]
[Site "Montreal CAN"]
[Date "2014.10.11"]
[Round "2"]
[White "Nikulich, Oleksandr"]
[Black "Turcotte, Jonathan"]
[Result "1-0"]
[WhiteElo "2006"]
[BlackElo "2127"]
[PlyCount "63"]
[EventDate "2014.10.10"]
[EventType "swiss"]
[EventRounds "7"]
[EventCountry "CAN"]

1. e4 c6 2. Nc3 d5 3. Nf3 Bg4 4. h3 Bxf3 5. Qxf3 Nf6 6. d3 e6 7. g3 Bb4 8. Bd2
d4 9. Nb1 Bxd2+ 10. Nxd2 Nbd7 11. Bg2 O-O 12. O-O e5 13. Qe2 Ne8 14. f4 f6 15.
Nf3 Nd6 16. fxe5 fxe5 17. Nh4 Qg5 18. Kh2 b5 19. Nf5 Nxf5 20. exf5 Rac8 21. h4
Qe7 22. a4 Nb6 23. axb5 cxb5 24. Ra5 Qc5 25. Rf2 Rc7 26. Qd2 Nd5 27. Bxd5+ Qxd5
28. Ra6 e4 29. dxe4 Qxe4 30. Rd6 Rxf5 31. Rd8+ Kf7 32. Rxd4 1-0

[Event "Quebec-ch Amateur"]
[Site "Montreal CAN"]
[Date "2014.10.11"]
[Round "2"]
[White "Sambuev, Bator"]
[Black "Hirschberg, Valerian"]
[Result "1/2-1/2"]
[WhiteElo "2569"]
[BlackElo "2319"]
[PlyCount "134"]
[EventDate "2014.10.10"]
[EventType "swiss"]
[EventRounds "7"]
[EventCountry "CAN"]

1. e4 c5 2. Nc3 Nc6 3. Bb5 Nd4 4. Bc4 e6 5. Nge2 Nf6 6. O-O a6 7. a4 Be7 8. e5
Ng4 9. Nxd4 Nxe5 10. Nxe6 dxe6 11. Ba2 O-O 12. d3 Bd7 13. Be3 Nc6 14. Ne4 b6
15. Qh5 Nd4 16. Bxd4 cxd4 17. Bb3 Bc6 18. f4 Bd5 19. Bxd5 Qxd5 20. Qxd5 exd5
21. Nd2 Rac8 22. Rac1 Rc7 23. Nf3 Rfc8 24. Rf2 b5 25. axb5 axb5 26. Re2 Bf6 27.
Ra1 h6 28. Ne1 Be7 29. Nf3 Bf6 30. Ra5 Rb7 31. Kf1 b4 32. b3 Rd8 33. Ra6 Kf8
34. g4 Rc8 35. h4 Re7 36. g5 Rxe2 37. Kxe2 hxg5 38. hxg5 Be7 39. Nxd4 Bc5 40.
Nc6 f6 41. gxf6 gxf6 42. Kf3 Ke8 43. d4 Bf8 44. Rb6 Kd7 45. Nxb4 Bxb4 46. Rxb4
Rxc2 47. Kg4 Ke6 48. Rb6+ Ke7 49. Kf5 Rd2 50. b4 Rxd4 51. Rb8 Kd7 52. b5 Rb4
53. Rb7+ Kd6 54. Rb6+ Kd7 55. Rxf6 Rxb5 56. Rf7+ Kd6 57. Ra7 Rb8 58. Ra6+ Kc5
59. Ra1 Rf8+ 60. Kg5 d4 61. f5 d3 62. f6 Kd4 63. Kg6 d2 64. Kg7 Rxf6 65. Kxf6
Kc3 66. Rd1 Kc2 67. Rxd2+ Kxd2 1/2-1/2

[Event "Quebec-ch Amateur"]
[Site "Montreal CAN"]
[Date "2014.10.11"]
[Round "2"]
[White "Yu, Zong Yang"]
[Black "Libersan, Thierry"]
[Result "1-0"]
[WhiteElo "2321"]
[BlackElo "2215"]
[PlyCount "133"]
[EventDate "2014.10.10"]
[EventType "swiss"]
[EventRounds "7"]
[EventCountry "CAN"]

1. d4 c5 2. Nf3 cxd4 3. Nxd4 d5 4. g3 e5 5. Nb3 Nc6 6. Bg2 Nf6 7. O-O Be7 8.
Bg5 Be6 9. Nc3 d4 10. Bxf6 gxf6 11. Ne4 Bd5 12. e3 f5 13. Ned2 Bxg2 14. Kxg2
Qd5+ 15. Nf3 O-O-O 16. Qe2 d3 17. cxd3 Qxd3 18. Qxd3 Rxd3 19. Rac1 Bf6 20. Rc4
Kb8 21. Nh4 Ne7 22. Rfc1 e4 23. Nc5 Rd2 24. R4c2 Rhd8 25. Nb3 Rxc2 26. Rxc2 b6
27. Kh3 Rd1 28. Nd2 Kb7 29. Nc4 b5 30. Na5+ Kb6 31. b4 Rd6 32. Rc5 Rd5 33. Rc2
Rd6 34. a3 Bg5 35. Nb3 Rh6 36. Rd2 Bxh4 37. gxh4 Ng6 38. Kg3 Nxh4 39. Nd4 Rh5
40. Rd1 Ng6 41. Rc1 Rg5+ 42. Kh3 Rh5+ 43. Kg2 Ne5 44. Rc5 Nd3 45. Rxb5+ Ka6 46.
Rxf5 Ne1+ 47. Kg3 Rxf5 48. Nxf5 Nc2 49. Nd4 Nxa3 50. Kf4 Nb5 51. Kxe4 Nc3+ 52.
Kd3 Nd5 53. Kc4 Nb6+ 54. Kc5 Kb7 55. Kd6 Nc4+ 56. Ke7 Ne5 57. f3 Nd3 58. b5 Ne5
59. Kf6 Nc4 60. e4 Nd6 61. e5 Nc4 62. f4 Kb6 63. Kxf7 Kc5 64. Nc6 a6 65. bxa6
Kxc6 66. e6 Nd6+ 67. Kf8 1-0

[Event "Quebec-ch Amateur"]
[Site "Montreal CAN"]
[Date "2014.10.11"]
[Round "2"]
[White "Zhu, Hong Rui"]
[Black "Abreu Cordero, Jose"]
[Result "1-0"]
[WhiteElo "2193"]
[BlackElo "2009"]
[PlyCount "131"]
[EventDate "2014.10.10"]
[EventType "swiss"]
[EventRounds "7"]
[EventCountry "CAN"]

1. e4 c6 2. d4 d5 3. exd5 cxd5 4. Bd3 e6 5. c3 Nf6 6. Bf4 Nc6 7. Nf3 Bd6 8. Bg3
a6 9. a4 Qc7 10. Nbd2 h6 11. Qe2 b6 12. Bxd6 Qxd6 13. Ne5 Nd7 14. f4 Ndxe5 15.
fxe5 Qe7 16. O-O Ra7 17. Qg4 Qg5 18. Rf4 Qxg4 19. Rxg4 g6 20. Rf4 Rc7 21. Nb3
Nb8 22. Raf1 Rg8 23. h4 h5 24. a5 b5 25. Nc5 Nc6 26. b4 Rg7 27. g4 g5 28. hxg5
Rxg5 29. Kh2 Re7 30. Kh3 hxg4+ 31. Rxg4 Rh5+ 32. Rh4 Rxh4+ 33. Kxh4 Ra7 34. Kg5
Ke7 35. Kh6 Ra8 36. Kg7 Nd8 37. Be2 Ra7 38. Bh5 Ke8 39. Rf3 Rc7 40. Kg8 Re7 41.
Nd3 Rc7 42. Nf2 Bb7 43. Nh3 Rc8 44. Ng5 Ke7 45. Kg7 Bc6 46. Bxf7 Bd7 47. Bh5
Rc7 48. Bg6 Rc8 49. Nh7 Be8 50. Bxe8 Kxe8 51. Kf6 Rc7 52. Ng5 Kd7 53. Rh3 Rc6
54. Rg3 Rc7 55. Nh3 Kc8 56. Ng5 Kd7 57. Rf3 Rc6 58. Nh3 Rc7 59. Ng1 Ke8 60. Kg6
Ke7 61. Ne2 Rc8 62. Nc1 Ra8 63. Rh3 Nf7 64. Rh7 Rg8+ 65. Rg7 Rxg7+ 66. Kxg7 1-0